000 00450nam a2200145Ia 4500
008 090124s9999 xx 000 0 und d
082 _b204989
245 _a श्मशान के पथ पर
250 _a1
260 _bवंद्योपाध्याय ताराशंकर
_c2000
300 _a151
630 _a श्मशान के पथ पर
730 _a श्मशान के पथ पर
942 _cBOOK
999 _c186570
_d186570